| 000 -GUIDE |
| Champ de contrôle de longueur fixe |
01197nam a22002537a 4500 |
| 003 - IDENTITÉ DU NUMÉRO DE CONTRÔLE |
| Champ de contrôle |
BI-BuBU |
| 008 - ÉLÉMENTS DE LONGUEUR FIXE - RENSEIGNEMENTS GÉNÉRAUX |
| Champ de contrôle de longueur fixe |
250122b2023 bd fr|||| 000 0 fre d |
| 037 ## - SOURCE D'ACQUISITION |
| Source d'acquisition et du numéro d'inventaire |
don de l'auteur |
| 039 ## - NIVEAU DE CONTRÔLE BIBLIOGRAPHIQUE ET HISTORIQUE D'ENCODAGE [OBSOLETE] |
| Date creation |
20250122145300.0 |
| Nom catalographe |
Edouard Niyonkuru |
| 040 ## - SOURCE DU CATALOGAGE |
| Organisme qui a effectué le catalogage original |
BI-BuBU |
| Code de la langue utilisée dans le catalogage |
Fre |
| Organisme qui a effectué la transcription |
BI-BuBU |
| Organisme qui a effectué la modification |
BI-BuBU |
| 041 0# - CODE DE LANGUE |
| Code de langue du texte/de la piste sonore ou du titre distinct |
Fre |
| 080 ## - INDICE DE LA CLASSIFICATION DÉCIMALE UNIVERSELLE (CDU) |
| Indice de la Classification décimale universelle |
551.482.4 |
| 100 1# - VEDETTE PRINCIPALE - NOM DE PERSONNE |
| Code de relation |
aut |
| Nom de personne |
Irababaruta, Martial |
| 245 1# - MENTION DU TITRE |
| Titre |
Contribution à la modélisation hydrologique au Burundi par adaptation de 3 modèles hydrologiques usuels et par configuration d'un modèle mixte |
| Reste du titre |
Cas des bassins versant des rivières Ntahangwa et Ruvyironza |
| Mention de responsabilité, etc. |
Martial Irabaruta ; Jean Claude Mvuyekure, directeur |
| 260 ## - PUBLICATION, DIFFUSION, ETC. (ADRESSE BIBLIOGRAPHIQUE) |
| Lieu de publication, diffusion, etc. |
Bujumbura |
| Nom de l'éditeur, diffuseur, etc. |
Université du Bururundi : Faculté des Sciences de l'ingénieur |
| 300 ## - DESCRIPTION MATÉRIELLE |
| Collation |
XVII-93 f. |
| Dimensions |
30 cm. |
| 500 ## - NOTE GÉNÉRALE |
| Note générale |
Mémoire présenté et soutenu publiquement en vue de l'obtention du grade de master en Génie Civil, Aménagement et Maitrise des Projets |
| 650 #7 - VEDETTE-MATIÈRE - NOM COMMUN |
| Source du terme |
BI-BuBU |
| Vedette de sujet ou vedette comportant un nom géographique |
Bassin versant |
| Subdivision générale |
Hydrologie |
| -- |
Contribution |
| -- |
Ruvyironza |
| 650 #7 - VEDETTE-MATIÈRE - NOM COMMUN |
| Vedette de sujet ou vedette comportant un nom géographique |
Bassin versant |
| Subdivision générale |
Hydrologie |
| -- |
Contribution |
| -- |
Ruvyironza |
| Source du terme |
BI-BuBU |
| 655 #7 - TERME D'INDEXATION - GENRE OU FORME |
| Source du terme |
BI-BuBU |
| Données ou terme dominant sur le genre ou la forme |
Mémoire |
| 700 1# - VEDETTE SECONDAIRE - NOM DE PERSONNE |
| Code de relation |
Dir. |
| Nom d'auteur |
Jean Claude Mvuyekure |
| 942 ## - ÉLÉMENTS D'ENTRÉE ADDITIONNELLE (KOHA) |
| Source de la classification ou du système de rangement |
|
| Type d item koha |
Memoire |